书目信息 |
| 题名: |
珠宝玉石分级和检验手册
|
|
| 作者: | 张之经 编 | |
| 分册: | ||
| 出版信息: | 北京 金盾出版社 2016.03 |
|
| 页数: | 302页 | |
| 开本: | 26cm | |
| 丛书名: | ||
| 单 册: | ||
| 中图分类: | TS933.21 | |
| 科图分类: | ||
| 主题词: | 石料美术制品--制造工业 , 石料美术制品 | |
| 电子资源: | ||
| ISBN: | 978-7-5186-0707-5 | |
| 000 | 00622nam0 2200205 450 | |
| 001 | 482 | |
| 005 | 20160906083345.07 | |
| 010 | @a978-7-5186-0707-5@dCNY33.00 | |
| 100 | @a20160722d2016 km y0chiy0120 ea | |
| 101 | 0 | @achi |
| 102 | @aCN@b110000 | |
| 200 | 1 | @a珠宝玉石分级和检验手册@Azhu bao yu shi fen ji he jian yan shou ce@f张之经编@Fzhang zhi jing bian |
| 210 | @a北京@c金盾出版社@d2016.03 | |
| 215 | @a302页@d26cm | |
| 606 | 0 | @a石料美术制品@x制造工业 |
| 606 | 0 | @a石料美术制品 |
| 690 | @aTS933.21@v4 | |
| 701 | 0 | @a张之经@Azhang zhi jing@4编 |
| 801 | 0 | @aCN@b唐山师范学院图书馆@c20160722 |
| 905 | @aZUCC@dTS933.21@e47 | |
| 珠宝玉石分级和检验手册/张之经编.-北京:金盾出版社,2016.03 |
| 302页;26cm |
| ISBN 978-7-5186-0707-5:CNY33.00 |
| ● |
| 相关链接 |
|
|
|
|
正题名:珠宝玉石分级和检验手册
索取号:TS933.21/47
 
预约/预借
| 序号 | 登录号 | 条形码 | 馆藏地/架位号 | 状态 | 备注 |
| 1 | 902045 | 209020450 | 第二样本阅览室/ [索取号:TS933.21/47] | 在馆 | |
| 2 | 902046 | 209020469 | 第三借阅区/ [索取号:TS933.21/47] | 在馆 | |
| 3 | 902047 | 209020478 | 第三借阅区/ [索取号:TS933.21/47] | 在馆 | |
| 4 | 902048 | 209020487 | 第三借阅区/ [索取号:TS933.21/47] | 在馆 | |
| 5 | 902049 | 209020496 | 第三借阅区/ [索取号:TS933.21/47] | 在馆 |